[Event "IX Festival A"]
[Site "Cesenatico ITA"]
[Date "2004.09.04"]
[Round "1"]
[White "Facchetti, Gianni"]
[Black "Guccione, Daniele"]
[Result "1-0"]
[WhiteElo "2190"]
[BlackElo "1814"]
[PlyCount "107"]
[EventDate "2004.09.04"]

1. e4 e5 2. Nf3 Nc6 3. d4 exd4 4. Bc4 Nf6 5. Ng5 d5 6. exd5 Qe7+ 7. Kf1 Ne5 8.
Qxd4 Nxc4 9. Qxc4 Bd7 10. Nc3 Qc5 11. Qe2+ Be7 12. Nge4 Nxe4 13. Qxe4 O-O-O 14.
Be3 Qd6 15. Qc4 f5 16. h4 Bf6 17. Bc5 Qa6 18. Qxa6 bxa6 19. a4 Kb7 20. f4 Rhe8
21. Rh3 h6 22. Ra3 c6 23. d6 Re6 24. Nd1 Re4 25. Rab3+ Ka8 26. Rb4 Rde8 27. Re3
Bxh4 28. Rbxe4 Rxe4 29. Rxe4 fxe4 30. Bd4 g5 31. fxg5 hxg5 32. Nc3 Bf5 33. Ke2
Bg3 34. d7 Bxd7 35. Nxe4 Bf4 36. Be3 Bxe3 37. Kxe3 g4 38. Kf4 Kb7 39. a5 Kc7
40. c4 Be6 41. c5 Kd8 42. Nf2 Ke7 43. Nxg4 Bd5 44. Ne3 Be6 45. Ke5 Bg8 46. g4
Bb3 47. Nf5+ Kd7 48. Nd4 Bd5 49. Kf6 Ke8 50. g5 Kf8 51. g6 Kg8 52. Nf5 Be4 53.
Ne7+ Kf8 54. g7+ 1-0

[Event "IX Festival A"]
[Site "Cesenatico ITA"]
[Date "2004.09.04"]
[Round "1"]
[White "Faini, Ivano"]
[Black "De Andres Gonalons, Fernando"]
[Result "0-1"]
[WhiteElo "1679"]
[BlackElo "2087"]
[PlyCount "94"]
[EventDate "2004.09.04"]

1. e4 e6 2. d4 d5 3. exd5 exd5 4. Bd3 Nc6 5. c3 Bd6 6. Qf3 Nf6 7. h3 Qe7+ 8.
Ne2 Ne4 9. Be3 Bd7 10. Nd2 f5 11. Bf4 O-O-O 12. Bxd6 Qxd6 13. O-O-O Kb8 14.
Bxe4 fxe4 15. Qe3 Rhf8 16. Rdf1 Rde8 17. Nb3 Rf6 18. Kb1 Ref8 19. Nc5 Bf5 20.
b4 b6 21. Na4 Bc8 22. b5 Na5 23. Nb2 a6 24. a4 Qa3 25. Nc1 Qxb2+ 26. Kxb2 Nc4+
27. Kb3 Nxe3 28. Na2 Nxf1 29. Rxf1 Rxf2 30. Rb1 Rxa2 31. Kxa2 e3 32. Kb3 Rf2
33. Kb4 e2 34. Re1 Bf5 35. bxa6 Bd3 36. a7+ Kxa7 37. a5 Rf1 38. Rxe2 Bxe2 39.
axb6+ Kxb6 40. g4 Bc4 41. g5 Rb1+ 42. Ka3 Ka5 43. h4 Rb3+ 44. Ka2 Ka4 45. h5
Rb6+ 46. Ka1 Ka3 47. g6 Bd3 0-1

[Event "IX Festival A"]
[Site "Cesenatico ITA"]
[Date "2004.09.04"]
[Round "1"]
[White "Frilli, Guido"]
[Black "Bernardini, Luca"]
[Result "1/2-1/2"]
[WhiteElo "2131"]
[BlackElo "1760"]
[PlyCount "58"]
[EventDate "2004.09.04"]

1. d4 d5 2. c4 c6 3. Nc3 Nf6 4. Nf3 a6 5. e3 Bg4 6. Qb3 b5 7. cxb5 cxb5 8. Ne5
Qd6 9. f3 Be6 10. Nd3 Nc6 11. Nc5 Bc8 12. f4 e6 13. Be2 Be7 14. O-O Nd7 15. Nd3
O-O 16. Qd1 f6 17. Bg4 e5 18. dxe5 fxe5 19. fxe5 Rxf1+ 20. Kxf1 Ndxe5 21. Nxe5
Qxe5 22. Bf3 Be6 23. Nxd5 Rf8 24. Nf4 Bc4+ 25. Kg1 Bc5 26. Bd5+ Kh8 27. Kh1
Bxe3 28. Bxe3 Qxe3 29. Bxc4 Qxf4 1/2-1/2

[Event "IX Festival A"]
[Site "Cesenatico ITA"]
[Date "2004.09.04"]
[Round "1"]
[White "Giorgi, Sandro"]
[Black "Emami, Madjid"]
[Result "0-1"]
[WhiteElo "1599"]
[BlackElo "2081"]
[PlyCount "107"]
[EventDate "2004.09.04"]

1. c4 g6 2. Nc3 Bg7 3. e4 d6 4. d4 c6 5. Nf3 Nd7 6. Be2 a6 7. Be3 Qc7 8. Rc1
Ngf6 9. h3 O-O 10. O-O Re8 11. b4 e5 12. d5 c5 13. Qb3 Nh5 14. Nd2 Nf4 15. a4
Qd8 16. Bxf4 exf4 17. b5 Ne5 18. Nf3 g5 19. Nxe5 Bxe5 20. f3 h5 21. Kf2 g4 22.
Ke1 gxh3 23. gxh3 Bxh3 24. Rg1+ Kh7 25. Kd1 Qh4 26. Kc2 Rg8 27. Rxg8 Rxg8 28.
bxa6 bxa6 29. Qb7 Qf6 30. Kb3 Bc8 31. Qc7 h4 32. Nd1 Bd4 33. Bd3 Kh6 34. Rc2 h3
35. Nf2 Bxf2 36. Rxf2 Kh5 37. Bf1 Kh4 38. Qa5 Bd7 39. Qe1 Rb8+ 40. Ka3 Kh5 41.
Rh2 Qh4 42. Qd2 Qg3 43. Qe2 Kh4 44. Ka2 Rb4 45. e5 Rxa4+ 46. Kb3 Rb4+ 47. Kc3
dxe5 48. Rf2 Rxc4+ 49. Qxc4 Qxf2 50. Qxa6 Qd4+ 51. Kc2 Bf5+ 52. Kb3 Qb4+ 53.
Ka2 Qb1+ 54. Ka3 0-1

[Event "IX Festival A"]
[Site "Cesenatico ITA"]
[Date "2004.09.04"]
[Round "1"]
[White "Guglielmi, Giuseppe"]
[Black "Brancaleoni, Maurizio"]
[Result "0-1"]
[WhiteElo "1980"]
[BlackElo "2298"]
[PlyCount "66"]
[EventDate "2004.09.04"]

1. d4 b6 2. Nf3 Bb7 3. c4 e6 4. Nc3 Nf6 5. Bg5 h6 6. Bh4 g5 7. Bg3 Nh5 8. e3 d6
9. Bd3 Nd7 10. O-O Bg7 11. b4 O-O 12. Rc1 f5 13. d5 Nxg3 14. fxg3 e5 15. Nd2 e4
16. Be2 g4 17. Nb3 Qg5 18. Qd2 Ne5 19. Nd4 Rf7 20. Ne6 Qg6 21. Nb5 h5 22. Nbxc7
Rb8 23. Nb5 Bf8 24. Nbd4 Be7 25. Rf2 h4 26. Rcf1 hxg3 27. hxg3 Rh7 28. Nxf5
Nf3+ 29. Rxf3 gxf3 30. gxf3 Qxf5 31. g4 Qe5 32. f4 Qh8 33. g5 Rh1+ 0-1

[Event "IX Festival A"]
[Site "Cesenatico ITA"]
[Date "2004.09.04"]
[Round "1"]
[White "Hess, Christian Mathias"]
[Black "Sanzani, Pierluigi"]
[Result "1-0"]
[WhiteElo "2318"]
[BlackElo "1955"]
[PlyCount "65"]
[EventDate "2004.09.04"]

1. Nf3 g6 2. e4 Bg7 3. d4 d6 4. Nc3 Nf6 5. Be3 O-O 6. Qd2 c6 7. Bh6 b5 8. Bd3
Nbd7 9. a4 b4 10. Ne2 Qa5 11. Ng3 e5 12. O-O Nb6 13. Bxg7 Kxg7 14. dxe5 dxe5
15. Qg5 Re8 16. Nd4 Nbd7 17. Ndf5+ Kh8 18. Nd6 Rf8 19. Bc4 Ba6 20. Nxf7+ Rxf7
21. Bxf7 Bxf1 22. Rxf1 Qxa4 23. Bb3 Qb5 24. Rd1 Rf8 25. h3 Qb8 26. Qe3 Qc7 27.
c3 a5 28. Rc1 c5 29. Qd2 Nb6 30. cxb4 axb4 31. Qxb4 Rc8 32. Qa5 c4 33. Bxc4 1-0

[Event "IX Festival A"]
[Site "Cesenatico ITA"]
[Date "2004.09.04"]
[Round "1"]
[White "Jonkman, Harmen"]
[Black "Bossi, Alessandro"]
[Result "1-0"]
[WhiteElo "2425"]
[BlackElo "2053"]
[PlyCount "117"]
[EventDate "2004.09.04"]

1. e4 e5 2. Nf3 Nc6 3. Bb5 Nge7 4. c3 g6 5. d4 Bg7 6. Bg5 h6 7. Bh4 exd4 8.
cxd4 g5 9. Bg3 d6 10. h3 a6 11. Ba4 O-O 12. Nc3 f5 13. Bb3+ Kh7 14. Bc2 Qe8 15.
d5 Ne5 16. Nxe5 dxe5 17. f3 fxe4 18. Bxe4+ Nf5 19. Bf2 Kh8 20. Rc1 Nd4 21. Ne2
c6 22. dxc6 Nxc6 23. Bc5 Rf6 24. O-O Be6 25. Qa4 Rc8 26. Rfe1 Bf8 27. Bf2 Be7
28. Nc3 Bd6 29. Bxc6 Qxc6 30. Qxc6 Rxc6 31. Ne4 Rxc1 32. Rxc1 Be7 33. Nxf6 Bxf6
34. Be1 Bd5 35. b3 Kg7 36. Rc5 Bc6 37. Bc3 e4 38. fxe4 Bxe4 39. h4 Bxc3 40.
Rxc3 gxh4 41. Rh3 Kg6 42. Rxh4 Bd5 43. Kf2 Kg5 44. g3 Bc6 45. Ke3 Bd5 46. Kd4
Bc6 47. Kc5 Bf3 48. Kb6 h5 49. Rc4 Bg2 50. a4 Bf3 51. Rf4 Bg2 52. Rh4 Bf3 53.
b4 Bg2 54. b5 axb5 55. Kxb5 Bc6+ 56. Kb6 Kf5 57. a5 Bg2 58. Kc7 Kg5 59. Rb4 1-0

[Event "IX Festival A"]
[Site "Cesenatico ITA"]
[Date "2004.09.04"]
[Round "1"]
[White "Koops, Randolf"]
[Black "Da Forno, Roberto"]
[Result "1-0"]
[WhiteElo "2118"]
[BlackElo "1748"]
[PlyCount "57"]
[EventDate "2004.09.04"]

1. d4 d5 2. Nf3 Nc6 3. c4 Bg4 4. e3 e6 5. Nc3 Bb4 6. a3 Bxc3+ 7. bxc3 Nge7 8.
Bd3 O-O 9. Bxh7+ Kh8 10. Bd3 dxc4 11. Bxc4 Na5 12. Bd3 Qd5 13. e4 Qh5 14. Be2
f5 15. Rb1 fxe4 16. Rb5 Nd5 17. c4 Nxc4 18. Bxc4 exf3 19. g3 c6 20. Rxb7 Rae8
21. h4 e5 22. O-O Bc8 23. Rxa7 Qg4 24. Re1 Nc3 25. Qd2 exd4 26. Ree7 Ne2+ 27.
Bxe2 fxe2 28. a4 Qf3 29. Qh6+ 1-0

[Event "IX Festival A"]
[Site "Cesenatico ITA"]
[Date "2004.09.04"]
[Round "1"]
[White "Lagrotteria, Salvatore"]
[Black "Masotti, Roberto"]
[Result "1-0"]
[WhiteElo "2209"]
[BlackElo "1874"]
[PlyCount "81"]
[EventDate "2004.09.04"]

1. d4 d5 2. Nf3 Nf6 3. c4 c6 4. e3 a6 5. h3 b5 6. cxb5 cxb5 7. Bd3 Nc6 8. O-O
Nb4 9. Be2 Bf5 10. Na3 Nc6 11. Nc2 Rc8 12. Nfe1 e6 13. a4 Qb6 14. axb5 axb5 15.
Bd2 Ne4 16. Nd3 Be7 17. Be1 O-O 18. b4 Ra8 19. Nc5 Nxc5 20. dxc5 Qb7 21. Bc3 e5
22. Bf3 Rxa1 23. Nxa1 Rd8 24. Nc2 Qa6 25. Be2 d4 26. exd4 exd4 27. Nxd4 Nxd4
28. Bxd4 Qg6 29. Qa1 Be4 30. f3 Bf5 31. g4 Bd7 32. Rd1 Bc6 33. Be5 Qc2 34.
Rxd8+ Bxd8 35. Qd1 Qxd1+ 36. Bxd1 Kf8 37. Kf2 f6 38. Bd6+ Kf7 39. Ke3 g5 40.
Bc2 Ke6 41. Bxh7 1-0

[Event "IX Festival A"]
[Site "Cesenatico ITA"]
[Date "2004.09.04"]
[Round "1"]
[White "Lapenna, Antonio"]
[Black "Assmann, Thomas"]
[Result "1/2-1/2"]
[WhiteElo "2030"]
[BlackElo "2351"]
[PlyCount "82"]
[EventDate "2004.09.04"]

1. d4 Nf6 2. Nf3 e6 3. e3 c5 4. Bd3 cxd4 5. exd4 Be7 6. O-O O-O 7. c3 b6 8. Re1
Bb7 9. Nbd2 d6 10. Qe2 a6 11. Ng5 Nbd7 12. f4 Re8 13. Ndf3 Nf8 14. Bd2 g6 15.
Qf2 Kg7 16. Ne5 dxe5 17. fxe5 N8d7 18. exf6+ Bxf6 19. Ne4 Be7 20. Qf4 Nf8 21.
Rf1 f5 22. Qe5+ Bf6 23. Nxf6 Qxf6 24. Qc7+ Re7 25. Qxb6 g5 26. Qd6 Ng6 27. c4
Nh4 28. Bc3 Bxg2 29. d5 e5 30. Qxf6+ Kxf6 31. Rf2 Bf3 32. Re1 g4 33. d6 Re6 34.
c5 Bd5 35. Be2 Nf3+ 36. Bxf3 gxf3 37. Rd2 Rg8+ 38. Kf1 Bc6 39. d7 Rd8 40. Bxe5+
Kf7 41. Kf2 Rg6 1/2-1/2

[Event "IX Festival A"]
[Site "Cesenatico ITA"]
[Date "2004.09.04"]
[Round "1"]
[White "Maahs, Erich"]
[Black "Traversi, Carlo"]
[Result "1-0"]
[WhiteElo "2155"]
[BlackElo "1792"]
[PlyCount "42"]
[EventDate "2004.09.04"]

1. e4 Nc6 2. Nc3 e5 3. Bc4 Nf6 4. d3 d6 5. Bg5 Be7 6. Qd2 Na5 7. Nf3 Nxc4 8.
dxc4 b6 9. O-O-O Bb7 10. Rhe1 Nd7 11. h4 h6 12. Bxe7 Qxe7 13. Nd5 Bxd5 14. cxd5
Nc5 15. Re3 O-O-O 16. b4 Nd7 17. Ra3 a5 18. Qd3 Kb8 19. Qa6 f5 20. exf5 e4 21.
Nd4 Qe5 1-0

[Event "IX Festival A"]
[Site "Cesenatico ITA"]
[Date "2004.09.04"]
[Round "1"]
[White "Marholev, Dimitar"]
[Black "Pircher, Karl"]
[Result "1/2-1/2"]
[WhiteElo "2350"]
[BlackElo "2013"]
[PlyCount "81"]
[EventDate "2004.09.04"]

1. e4 e6 2. d4 d5 3. Nd2 Nf6 4. e5 Nfd7 5. Bd3 c5 6. c3 Nc6 7. Ne2 Qb6 8. Nf3
f6 9. exf6 Nxf6 10. O-O cxd4 11. cxd4 Bd6 12. a3 O-O 13. Nc3 Bd7 14. Be3 Be8
15. Ng5 Ne7 16. Qc2 h6 17. Nf3 Bh5 18. Ne5 Rac8 19. h3 a6 20. g4 Be8 21. Qe2
Nd7 22. f4 Bxe5 23. fxe5 Bg6 24. Rxf8+ Rxf8 25. b4 Qd8 26. Na4 Bxd3 27. Qxd3
Rf3 28. Kg2 Qf8 29. Rc1 Nc6 30. Qe2 Rf7 31. h4 Qe7 32. Kg3 Nf8 33. Qc2 Nh7 34.
Rh1 Qf8 35. Qe2 Na7 36. g5 hxg5 37. hxg5 g6 38. Qh2 Qg7 39. Kg2 Nb5 40. Qh3 Rf5
41. Ra1 1/2-1/2

[Event "IX Festival A"]
[Site "Cesenatico ITA"]
[Date "2004.09.04"]
[Round "1"]
[White "Mrdja, Milan"]
[Black "Lausen, Berthold"]
[Result "1-0"]
[WhiteElo "2432"]
[BlackElo "2059"]
[PlyCount "58"]
[EventDate "2004.09.04"]

1. e4 c6 2. d4 d5 3. Nd2 dxe4 4. Nxe4 Nd7 5. Nf3 Ngf6 6. Nxf6+ Nxf6 7. Ne5 Be6
8. c3 g6 9. f4 Bg7 10. Bd3 Nd7 11. Nf3 f6 12. f5 Bf7 13. Qc2 gxf5 14. Bxf5 Nf8
15. Bf4 Ng6 16. Bg3 e6 17. Bd3 Qe7 18. O-O-O Bh6+ 19. Kb1 Bf4 20. Nh4 Bxg3 21.
Nxg6 hxg6 22. hxg3 Rg8 23. Qa4 a6 24. Rh7 Qc7 25. d5 e5 26. dxc6 Qxc6 27. Qxc6+
bxc6 28. Be4 Ke7 29. Bxc6 29... Rad8 {...} 1-0

[Event "IX Festival A"]
[Site "Cesenatico ITA"]
[Date "2004.09.04"]
[Round "1"]
[White "Ori, Marco"]
[Black "Lucchi, Lorenzo"]
[Result "1-0"]
[WhiteElo "2081"]
[BlackElo "1577"]
[PlyCount "63"]
[EventDate "2004.09.04"]

1. e4 g6 2. d4 Bg7 3. Nc3 d6 4. h3 e5 5. Nf3 Nc6 6. Be3 f5 7. dxe5 fxe4 8. Nxe4
Nxe5 9. c3 Bf5 10. Ng3 Be6 11. Ng5 Bd7 12. Qb3 Bf6 13. Nxh7 Qe7 14. Nxf6+ Nxf6
15. Qxb7 Bc6 16. Bb5 O-O 17. Bxc6 Rfb8 18. Qxa8 Rxa8 19. Bxa8 c6 20. O-O Qc7
21. Rad1 Nc4 22. Bc1 Nb6 23. Bxc6 Qxc6 24. Rd4 d5 25. Rfd1 Na4 26. c4 dxc4 27.
Rd6 Qb7 28. Rxf6 Kg7 29. Rdd6 Nxb2 30. Rxg6+ Kh8 31. Nf5 Nd3 32. Rd8+ 1-0

[Event "IX Festival A"]
[Site "Cesenatico ITA"]
[Date "2004.09.04"]
[Round "1"]
[White "Rossi, Giampiero"]
[Black "Estremera Panos, Sergio"]
[Result "0-1"]
[WhiteElo "2012"]
[BlackElo "2341"]
[PlyCount "78"]
[EventDate "2004.09.04"]

1. d4 Nf6 2. c4 e6 3. Nc3 Bb4 4. Qc2 O-O 5. a3 Bxc3+ 6. Qxc3 b6 7. Bg5 Bb7 8.
f3 d5 9. e3 Nbd7 10. cxd5 exd5 11. Bd3 c5 12. Ne2 Qe7 13. O-O h6 14. Bxf6 Nxf6
15. Qd2 Rfe8 16. Kf2 Qd6 17. Ng3 g6 18. Rfe1 h5 19. Kg1 Re7 20. Rac1 c4 21. Bb1
b5 22. e4 dxe4 23. Bxe4 Nxe4 24. Nxe4 Bxe4 25. Rxe4 Rd8 26. Rxe7 Qxe7 27. Rd1
Rd5 28. g3 Qd6 29. Kg2 a6 30. f4 Qd7 31. h3 Qe6 32. Kh2 Qe4 33. h4 Kh7 34. Kh3
a5 35. Kh2 b4 36. axb4 axb4 37. Kh3 c3 38. bxc3 bxc3 39. Qxc3 Qe6+ 0-1

[Event "IX Festival A"]
[Site "Cesenatico ITA"]
[Date "2004.09.04"]
[Round "1"]
[White "Rotstein, Arkadij"]
[Black "Lombardini, Giulio"]
[Result "1-0"]
[WhiteElo "2524"]
[BlackElo "2072"]
[PlyCount "67"]
[EventDate "2004.09.04"]

1. e4 c5 2. Nc3 d6 3. Nf3 Nf6 4. d4 cxd4 5. Nxd4 a6 6. f3 e5 7. Nb3 Be6 8. Be3
Nbd7 9. Qd2 Qc7 10. O-O-O b5 11. g4 Be7 12. Kb1 Nb6 13. g5 Nh5 14. Nd5 Nxd5 15.
exd5 Bf5 16. Bd3 Bxd3 17. Qxd3 O-O 18. Rhg1 Rac8 19. Nd2 Rfe8 20. Rg4 Kh8 21.
Ne4 Qc4 22. Qd2 Qc7 23. Ng3 Nf4 24. Bxf4 exf4 25. Ne4 f5 26. gxf6 Bxf6 27. Nxf6
gxf6 28. Rxf4 Qf7 29. Re4 Re5 30. b3 Rc5 31. Rxe5 fxe5 32. Qh6 Qxf3 33. Rg1 Qf4
34. Qg7# 1-0

[Event "IX Festival A"]
[Site "Cesenatico ITA"]
[Date "2004.09.04"]
[Round "1"]
[White "Russi, Roberto"]
[Black "Giussani, Igor"]
[Result "1-0"]
[WhiteElo "2086"]
[BlackElo "1670"]
[PlyCount "51"]
[EventDate "2004.09.04"]

1. c4 c6 2. e4 d5 3. cxd5 cxd5 4. exd5 Qxd5 5. Nc3 Qd8 6. d4 e6 7. Nf3 Nf6 8.
Bc4 Be7 9. O-O O-O 10. Re1 Nc6 11. Bg5 a6 12. a4 b5 13. Ba2 Bb7 14. Qd3 g6 15.
Rad1 Re8 16. Bxf6 Bxf6 17. d5 exd5 18. Rxe8+ Qxe8 19. Nxd5 Qd8 20. Nxf6+ Qxf6
21. Qe2 Rd8 22. Rxd8+ Qxd8 23. h4 Qe7 24. Qd2 h5 25. Qh6 Nd4 26. Qxg6+ 1-0

[Event "IX Festival A"]
[Site "Cesenatico ITA"]
[Date "2004.09.04"]
[Round "1"]
[White "Russo, Carmelo"]
[Black "D'Innocente, Stefano"]
[Result "0-1"]
[WhiteElo "1835"]
[BlackElo "2197"]
[PlyCount "106"]
[EventDate "2004.09.04"]

1. Nf3 Nf6 2. g3 b5 3. Bg2 Bb7 4. O-O e6 5. d4 Be7 6. a4 b4 7. c3 a5 8. Qc2 O-O
9. Nbd2 d5 10. c4 Nbd7 11. c5 c6 12. e4 dxe4 13. Nxe4 Ba6 14. Re1 Rc8 15. Bf4
Nxe4 16. Rxe4 Nf6 17. Ree1 Nd5 18. Bd2 Bf6 19. Rad1 Qc7 20. Bg5 Rb8 21. Bxf6 b3
22. Qb1 Nxf6 23. Ng5 Rb4 24. Ne4 Nxe4 25. Bxe4 g6 26. Bd3 Bxd3 27. Rxd3 Rxa4
28. Qd1 Rd8 29. Qxb3 Raxd4 30. Red1 R4d5 31. Rxd5 exd5 32. Qc3 Rb8 33. Re1 Qd7
34. Ra1 Rb5 35. Ra4 h5 36. h4 Kh7 37. Kg2 Qe7 38. Rxa5 Qe4+ 39. Kh2 d4 40. Qc4
Qf3 41. Rxb5 Qxf2+ 42. Kh1 cxb5 43. Qd5 Qf1+ 44. Kh2 d3 45. c6 Qf2+ 46. Qg2
Qxg2+ 47. Kxg2 d2 48. c7 d1=Q 49. c8=Q Qe2+ 50. Kh3 Qxb2 51. Qf8 Qa2 52. Qb8
Qc4 53. Kg2 b4 0-1

[Event "IX Festival A"]
[Site "Cesenatico ITA"]
[Date "2004.09.04"]
[Round "1"]
[White "Setti, Denis"]
[Black "Pruesse, Horst"]
[Result "1-0"]
[WhiteElo "1754"]
[BlackElo "2126"]
[PlyCount "111"]
[EventDate "2004.09.04"]

1. e4 c5 2. Nf3 e6 3. d4 cxd4 4. Nxd4 a6 5. c4 Nf6 6. Nc3 Bb4 7. Qf3 Qa5 8. Bd2
Qe5 9. Nc2 Bxc3 10. Bxc3 Qxe4+ 11. Qxe4 Nxe4 12. Bxg7 Rg8 13. Bd4 Nc6 14. Be3
b5 15. f3 Nd6 16. cxb5 axb5 17. b3 Nf5 18. Bc5 d6 19. Bxb5 Bd7 20. g4 Ra5 21.
a4 dxc5 22. gxf5 e5 23. Kf2 Nd4 24. Bxd7+ Kxd7 25. Ne3 Nxb3 26. Ra3 Nd4 27. Nc4
Ra6 28. Nxe5+ Ke7 29. Rb1 Rc8 30. Rb7+ Kf6 31. Ng4+ Kg5 32. Ne3 c4 33. Rb4 Rh6
34. Rxc4 Rxh2+ 35. Kg3 Rxc4 36. Nxc4 Rc2 37. f4+ Kf6 38. Ne3 Rc8 39. Nd5+ Kg7
40. Kg4 f6 41. a5 Kf7 42. a6 Rg8+ 43. Kh3 Nb5 44. Rb3 Nd6 45. Nc7 Nc8 46. Rb7
Nd6 47. Rb3 Nc8 48. Ne6 Nd6 49. Nd4 Ra8 50. Ra3 Ke7 51. a7 Nc8 52. Nb5 Kd7 53.
Rc3 Ne7 54. Rc7+ Kd8 55. Rb7 Nc6 56. Rxh7 1-0

[Event "IX Festival A"]
[Site "Cesenatico ITA"]
[Date "2004.09.04"]
[Round "1"]
[White "Steccanella, Sergio"]
[Black "Koller, Hubert"]
[Result "0-1"]
[WhiteElo "1724"]
[BlackElo "2107"]
[PlyCount "74"]
[EventDate "2004.09.04"]

1. e4 Nc6 2. Nf3 e5 3. Nc3 g6 4. d4 Bg7 5. d5 Nd4 6. Nb5 Nxb5 7. Bxb5 c6 8. Bc4
b5 9. Bb3 c5 10. c4 d6 11. O-O Bd7 12. a4 b4 13. a5 a6 14. Ba4 Ne7 15. Bxd7+
Qxd7 16. h3 h6 17. Nh2 O-O 18. Ng4 Kh7 19. Qd2 Ng8 20. b3 f5 21. exf5 gxf5 22.
Nh2 Nf6 23. f3 Nh5 24. Rf2 Rae8 25. Nf1 f4 26. Bb2 Bf6 27. Qc2+ Kg7 28. Nd2 Bh4
29. Rff1 Ng3 30. Rfd1 Rf6 31. Nf1 Nf5 32. Qd2 Rg8 33. Nh2 h5 34. Re1 Bxe1 35.
Rxe1 Kf8 36. Re2 Nh4 37. Qe1 Qxh3 0-1

[Event "IX Festival A"]
[Site "Cesenatico ITA"]
[Date "2004.09.04"]
[Round "1"]
[White "Terbonati, Paolo"]
[Black "Molina, Fabrizio"]
[Result "0-1"]
[WhiteElo "1931"]
[BlackElo "2246"]
[PlyCount "56"]
[EventDate "2004.09.04"]

1. c4 c5 2. Nc3 Nc6 3. g3 g6 4. Bg2 Bg7 5. Nf3 e5 6. O-O Nge7 7. d3 O-O 8. Ne1
d6 9. Nc2 Be6 10. Ne3 Qd7 11. a3 f5 12. Ned5 Rf7 13. f4 Kh8 14. Rb1 Rc8 15. e4
Rcf8 16. Be3 Nd4 17. Nxe7 Qxe7 18. Nd5 Qd7 19. b4 fxe4 20. Bxe4 Bg4 21. Qd2
exf4 22. gxf4 Bh3 23. Rf2 b6 24. Kh1 Qg4 25. Bg2 Rf5 26. Rg1 Rh5 27. Bxh3 Qxh3
28. Rg3 Qxg3 0-1

[Event "IX Festival A"]
[Site "Cesenatico ITA"]
[Date "2004.09.04"]
[Round "1"]
[White "Ventura, Sergio"]
[Black "Pompili, Ugo"]
[Result "1-0"]
[WhiteElo "2175"]
[BlackElo "1801"]
[PlyCount "59"]
[EventDate "2004.09.04"]

1. c4 e5 2. Nc3 d6 3. g3 f5 4. Bg2 c6 5. d4 Be7 6. e4 Nf6 7. Nge2 O-O 8. O-O
fxe4 9. Nxe4 Nxe4 10. Bxe4 Bh3 11. Re1 Nd7 12. Qc2 Nf6 13. Bf5 Bxf5 14. Qxf5
Qc7 15. Bg5 Kh8 16. Rad1 Ne4 17. Qxe4 Bxg5 18. dxe5 dxe5 19. Nc3 Bf6 20. b3
Rad8 21. Kg2 h6 22. h4 Rd4 23. Rxd4 exd4 24. Ne2 c5 25. Nf4 Rf7 26. Ng6+ Kg8
27. Qe8+ Kh7 28. h5 Qc6+ 29. Qxc6 bxc6 30. Re8 1-0

[Event "IX Festival A"]
[Site "Cesenatico ITA"]
[Date "2004.09.04"]
[Round "1"]
[White "Vincenzi, Andrea"]
[Black "Popa, Claudiu"]
[Result "1-0"]
[WhiteElo "1807"]
[BlackElo "2183"]
[PlyCount "79"]
[EventDate "2004.09.04"]

1. e4 e5 2. Bc4 Nf6 3. d3 Nc6 4. a3 d6 5. Nc3 Bg4 6. f3 Be6 7. Bxe6 fxe6 8. Nh3
Qd7 9. O-O Be7 10. Ng5 h6 11. Nh3 g5 12. g4 Nh7 13. Ne2 Bf6 14. Ng3 Nf8 15. Nh5
Qe7 16. c3 Ng6 17. Qb3 Rb8 18. Be3 O-O 19. Rad1 Bh8 20. Rf2 Rf7 21. Rdf1 Nh4
22. Kh1 b6 23. Qc2 Rbf8 24. Qd1 Na5 25. b4 Nb7 26. d4 c5 27. d5 exd5 28. Qxd5
Kh7 29. Qd1 Nd8 30. Ng3 Ne6 31. Nf5 Nxf5 32. exf5 Nf4 33. Bxf4 exf4 34. Re2 Be5
35. Qd3 Qf6 36. Nf2 Kh8 37. Ne4 Qe7 38. Rfe1 Qc7 39. b5 Rd8 40. Qd5 1-0

[Event "IX Festival A"]
[Site "Cesenatico ITA"]
[Date "2004.09.04"]
[Round "1"]
[White "Voltolini, Giuseppe"]
[Black "Del Vecchio, Gastone"]
[Result "1-0"]
[WhiteElo "2241"]
[BlackElo "1896"]
[PlyCount "47"]
[EventDate "2004.09.04"]

1. e4 c5 2. Nf3 d6 3. d4 cxd4 4. Nxd4 Nf6 5. Nc3 a6 6. Be2 b5 7. f4 Bb7 8. Bf3
Nbd7 9. Qe2 Qc7 10. e5 dxe5 11. fxe5 Bxf3 12. Nxf3 Ng4 13. Qe4 Rc8 14. Qxg4
Nxe5 15. Qf5 Nxf3+ 16. Qxf3 Qe5+ 17. Be3 e6 18. O-O Qc7 19. Ne4 h6 20. a4 f5
21. axb5 fxe4 22. Qh5+ Kd8 23. Rad1+ Bd6 24. Qe5 1-0

[Event "IX Festival A"]
[Site "Cesenatico ITA"]
[Date "2004.09.04"]
[Round "1"]
[White "Weinberg, Emanuele"]
[Black "Calzetta Ruiz, Monica"]
[Result "0-1"]
[WhiteElo "1952"]
[BlackElo "2289"]
[PlyCount "70"]
[EventDate "2004.09.04"]

1. d4 Nf6 2. c4 c5 3. d5 b5 4. cxb5 a6 5. Nc3 axb5 6. e4 b4 7. Nb5 d6 8. Bc4 g6
9. Qe2 Bg7 10. Nf3 Nbd7 11. O-O O-O 12. h3 Nb6 13. Bd3 Bd7 14. Bf4 Ra5 15. Rfe1
c4 16. Bxc4 Nxc4 17. Qxc4 Rxb5 18. Nd4 Rb7 19. Bd2 Qb8 20. Qb3 Rc8 21. Nc2 Bb5
22. Nd4 Nd7 23. Nxb5 Rxb5 24. Rab1 Nc5 25. Qf3 Na4 26. Qb3 Nc5 27. Qf3 Qa7 28.
a3 bxa3 29. bxa3 Rxb1 30. Rxb1 Qa4 31. Bb4 Qc2 32. Re1 Nd3 33. Re2 Qd1+ 34. Kh2
Be5+ 35. g3 Nxb4 0-1

[Event "IX Festival A"]
[Site "Cesenatico ITA"]
[Date "2004.09.04"]
[Round "1"]
[White "Zimmer, Hans Werner"]
[Black "Pozzi, Enrico"]
[Result "1/2-1/2"]
[WhiteElo "1867"]
[BlackElo "2208"]
[PlyCount "78"]
[EventDate "2004.09.04"]

1. e4 d6 2. d4 Nf6 3. Nc3 c6 4. f3 Nbd7 5. Be3 a6 6. Bc4 b5 7. Bb3 e6 8. Nh3
Be7 9. O-O O-O 10. Ne2 Qc7 11. Qd2 Nb6 12. Bg5 c5 13. c3 a5 14. e5 dxe5 15.
dxe5 Nfd5 16. Bxe7 Nxe7 17. Qg5 h6 18. Qh5 Nf5 19. Rfe1 a4 20. Bc2 g6 21. Qg4
Qxe5 22. Nef4 Qg7 23. Rad1 Nc4 24. Bxf5 exf5 25. Qg3 Nxb2 26. Rd6 Ra6 27. Nd5
Nc4 28. Ne7+ Kh7 29. Nxc8 Nxd6 30. Nxd6 Qxc3 31. Nxb5 Qb2 32. Nc7 Qd4+ 33. Kh1
Rb6 34. Nf4 Qd6 35. Nce6 Rfb8 36. h4 Rb1 37. Rxb1 Rxb1+ 38. Kh2 Qd1 39. Qf2 h5
{...} 1/2-1/2

[Event "IX Festival A"]
[Site "Cesenatico ITA"]
[Date "2004.09.05"]
[Round "2"]
[White "Anceschi, Vittorio"]
[Black "Ori, Marco"]
[Result "1/2-1/2"]
[WhiteElo "2261"]
[BlackElo "2081"]
[PlyCount "57"]
[EventDate "2004.09.04"]

1. e4 c6 2. d3 d5 3. Nd2 e5 4. g3 Nf6 5. Bg2 Bd6 6. Ngf3 O-O 7. O-O Re8 8. Re1
Nbd7 9. Nf1 Nf8 10. Bg5 h6 11. Bxf6 Qxf6 12. Ne3 dxe4 13. dxe4 Bc5 14. c3 Be6
15. Qc2 Rad8 16. Nf5 Rd7 17. Rad1 Red8 18. Rxd7 Rxd7 19. b3 Ng6 20. h4 a5 21.
Bh3 Qd8 22. h5 Nf8 23. Re2 f6 24. Rd2 Rxd2 25. Nxd2 Bf7 26. Bg4 Ne6 27. Nf1 Ng5
28. Kg2 Kh7 29. N1e3 1/2-1/2

[Event "IX Festival A"]
[Site "Cesenatico ITA"]
[Date "2004.09.05"]
[Round "2"]
[White "Assmann, Thomas"]
[Black "Setti, Denis"]
[Result "1-0"]
[WhiteElo "2351"]
[BlackElo "1754"]
[PlyCount "63"]
[EventDate "2004.09.04"]

1. d4 Nf6 2. Nf3 d6 3. Bg5 Ne4 4. Bh4 c5 5. d5 g6 6. Nbd2 Nxd2 7. Nxd2 Bg7 8.
c3 O-O 9. e4 a6 10. a4 Qe8 11. Be2 Bd7 12. Qb3 e6 13. Qxb7 exd5 14. Qxa8 Bc6
15. Qa7 Qe5 16. Qe7 Qf4 17. Bg3 Qh6 18. Qxd6 dxe4 19. Qxc5 Ba8 20. Qe3 g5 21.
h4 Nd7 22. Qxg5 Qc6 23. O-O Kh8 24. Qf5 Nb6 25. a5 Na4 26. Nc4 Nc5 27. Bd6 Rg8
28. Qxc5 Qd7 29. Nb6 Qe6 30. Nxa8 Rxa8 31. Rfd1 Rg8 32. Bg3 1-0

[Event "IX Festival A"]
[Site "Cesenatico ITA"]
[Date "2004.09.05"]
[Round "2"]
[White "Bardi, Massimo"]
[Black "Bentivegna, Francesco"]
[Result "0-1"]
[WhiteElo "2076"]
[BlackElo "2250"]
[PlyCount "48"]
[EventDate "2004.09.04"]

1. e4 d5 2. exd5 Nf6 3. Nc3 Nxd5 4. Nxd5 Qxd5 5. d4 Nc6 6. Nf3 Bg4 7. Be2 O-O-O
8. Be3 e5 9. Nxe5 Bxe2 10. Qxe2 Nxe5 11. dxe5 Qxg2 12. Rf1 Qe4 13. f4 Be7 14.
Rf3 f6 15. Bf2 Qd5 16. Bg3 fxe5 17. fxe5 Rhf8 18. Rxf8 Rxf8 19. Qg4+ Kb8 20.
Ke2 Qg2+ 21. Ke3 Qxc2 22. Bf4 Bc5+ 23. Kf3 Qf2+ 24. Ke4 Qd4+ 0-1